[Event "Titled Tuesday intern op 02nd Apr Early"]
[Site "Chess.com INT"]
[Date "2024.04.02"]
[Round "9"]
[White "Mirzoev, Azer"]
[Black "Namitbir, Singh Walia"]
[Result "1-0"]
[WhiteElo "2447"]
[BlackElo "2376"]
[PlyCount "115"]
[EventDate "2024.04.02"]
[EventType "swiss (blitz)"]
[EventRounds "11"]
[EventCountry "USA"]
[SourceTitle "CB15_2024"]
[SourceDate "2024.04.10"]
[SourceVersion "1"]
[SourceVersionDate "2024.04.10"]
[SourceQuality "1"]

1. d4 Nf6 2. Bf4 d5 3. e3 c5 4. c3 Nc6 5. Nd2 Bf5 6. Qb3 Qd7 7. Ngf3 e6 8. Nh4 c4 9. Qd1 b5 10. Nxf5 exf5 11. h3 Bd6 12. Bxd6 Qxd6 13. Qf3 g6 14. g4 fxg4 15. hxg4 Qe6 16. Bg2 g5 17. Rh6 Ke7 18. 0-0-0 Rag8 19. Rxf6 Qxf6 20. Qxd5 Nd8 21. Qc5+ Ke8 22. Qxb5+ Kf8 23. Ne4 Qb6 24. Qxc4 h5 25. gxh5 Rxh5 26. Qc8 Kg7 27. Qg4 Qg6 28. Ng3 Rh4 29. Nf5+ Kf6 30. Nxh4 gxh4 31. Qxh4+ Qg5 32. Qxg5+ Rxg5 33. Be4 Ke7 34. Kd2 Kd6 35. Ke2 f5 36. Bf3 Ne6 37. Rh1 f4 38. e4 Ra5 39. a3 Rb5 40. b4 a5 41. e5+ Ke7 42. Rh7+ Kf8 43. Rh6 Ke7 44. Bg4 Ng5 45. Kd3 axb4 46. axb4 Rb8 47. Rg6 Nf7 48. Re6+ Kf8 49. Rf6 Kg7 50. Rxf4 Ra8 51. Be6 Ng5 52. Bd5 Ra1 53. Rf5 Kg6 54. Rf6+ Kg7 55. f4 Nh3 56. Kc4 Nf2 57. f5 Ng4 58. Rf7+ 1-0

[Event "Titled Tuesday intern op 02nd Apr Early"]
[Site "Chess.com INT"]
[Date "2024.04.02"]
[Round "6"]
[White "Namitbir, Singh Walia"]
[Black "Baruch, Liam"]
[Result "1-0"]
[WhiteElo "2376"]
[BlackElo "1831"]
[PlyCount "73"]
[EventDate "2024.04.02"]
[EventType "swiss (blitz)"]
[EventRounds "11"]
[EventCountry "USA"]
[SourceTitle "CB15_2024"]
[SourceDate "2024.04.10"]
[SourceVersion "1"]
[SourceVersionDate "2024.04.10"]
[SourceQuality "1"]

1. Nf3 d5 2. g3 Nf6 3. Bg2 c5 4. c4 e6 5. 0-0 Bd6 6. b3 d4 7. e3 e5 8. exd4 exd4 9. Re1+ Be6 10. Ng5 Qd7 11. Nxe6 fxe6 12. d3 0-0 13. Nd2 Nc6 14. Ne4 Ne5 15. Nxd6 Qxd6 16. Bf4 Nfd7 17. Qh5 Rf5 18. Qe2 Qb6 19. Bh3 Qc6 20. Bxf5 Nf3+ 21. Qxf3 Qxf3 22. Bxe6+ Kh8 23. Bxd7 Qxd3 24. Rad1 Qg6 25. Bh3 Rf8 26. Bg2 b6 27. Be4 Qg4 28. f3 Qd7 29. Bd3 Qf7 30. Re5 Re8 31. Rde1 Rxe5 32. Rxe5 h6 33. Kg2 a5 34. h4 a4 35. h5 axb3 36. axb3 Qa7 37. Re8# 1-0

[Event "Hanoi GM2 03"]
[Site "Hanoi"]
[Date "2024.03.20"]
[Round "4"]
[White "Quizon, Daniel"]
[Black "Namitbir, Singh Walia"]
[Result "1-0"]
[WhiteElo "2432"]
[BlackElo "2385"]
[PlyCount "101"]
[EventDate "2024.03.19"]
[EventType "tourn"]
[EventRounds "9"]
[EventCountry "VIE"]
[SourceTitle "CB13_2024"]
[SourceDate "2024.03.27"]
[SourceVersion "1"]
[SourceVersionDate "2024.03.27"]
[SourceQuality "1"]

1. e4 e5 2. Nf3 Nc6 3. Bb5 a6 4. Ba4 Nf6 5. d3 b5 6. Bb3 Bc5 7. c3 d6 8. h3 h6 9. 0-0 0-0 10. Re1 Bb6 11. Nbd2 Ne7 12. a4 Rb8 13. Nf1 Ng6 14. Ng3 c5 15. d4 Re8 16. Be3 exd4 17. cxd4 Bb7 18. axb5 axb5 19. e5 Bxf3 20. Qxf3 cxd4 21. exf6 dxe3 22. fxe3 Ne5 23. Qf5 Qxf6 24. Qxf6 gxf6 25. Nf5 Nc4 26. Bxc4 bxc4 27. Nxh6+ Kh7 28. Nf5 d5 29. Rad1 Re5 30. g4 Bc5 31. Re2 Rb3 32. Kf2 Bb6 33. Rc1 Rd3 34. Rc3 Ba5 35. Rc1 Bb6 36. h4 Re4 37. Kf3 Bc7 38. Rg2 Rb3 39. Rc3 Rb7 40. Rd2 Ba5 41. Rxd5 Bxc3 42. Kxe4 Bxb2 43. Rc5 c3 44. Rc6 Rd7 45. Nd4 Re7+ 46. Kd3 Bc1 47. Nf5 Rd7+ 48. Kxc3 Kg6 49. Rc8 Bd2+ 50. Kc2 Be1 51. Rh8 1-0

[Event "Hanoi GM2 03"]
[Site "Hanoi"]
[Date "2024.03.19"]
[Round "1"]
[White "Namitbir, Singh Walia"]
[Black "Vaz, Ethan"]
[Result "1/2-1/2"]
[WhiteElo "2385"]
[BlackElo "2409"]
[PlyCount "126"]
[EventDate "2024.03.19"]
[EventType "tourn"]
[EventRounds "9"]
[EventCountry "VIE"]
[SourceTitle "CB13_2024"]
[SourceDate "2024.03.27"]
[SourceVersion "1"]
[SourceVersionDate "2024.03.27"]
[SourceQuality "1"]

1. e4 c5 2. Nf3 Nc6 3. d4 cxd4 4. Nxd4 Nf6 5. Nc3 e5 6. Ndb5 d6 7. Bg5 a6 8. Na3 b5 9. Nab1 Be7 10. Bxf6 Bxf6 11. a4 bxa4 12. Rxa4 0-0 13. Bc4 Kh8 14. 0-0 Bg5 15. Qd3 f5 16. Bd5 Qe8 17. Nb5 Qd7 18. exf5 Rb8 19. Rg4 Qd8 20. Nxd6 Nb4 21. Rxb4 Rxb4 22. Bc4 Qc7 23. b3 h6 24. Nxc8 Qxc8 25. Bxa6 Qxf5 26. Qxf5 Rxf5 27. g3 e4 28. Bc4 Rb8 29. Nc3 Re5 30. Kg2 Bd2 31. Ne2 Rf8 32. f4 exf3+ 33. Rxf3 Rxf3 34. Kxf3 g5 35. Kg4 Kg7 36. Bd3 Rd5 37. h4 gxh4 38. Kxh4 Kf6 39. Kg4 Rg5+ 40. Kf3 h5 41. Nf4 Be1 42. Ne2 Ke5 43. c3 Rg8 44. Bc4 Rf8+ 45. Kg2 Ke4 46. Kh3 Rf2 47. Nf4 Bxc3 48. Nxh5 Be5 49. Kg4 Rg2 50. Be6 Ke3 51. Bd5 Rg1 52. Bc4 Kf2 53. Kf5 Bxg3 54. Nxg3 Rxg3 55. Ke4 Rg4+ 56. Kd3 Kf3 57. b4 Kf4 58. Kd4 Rg1 59. Bd3 Rg8 60. Bc4 Rg2 61. Bd5 Rg1 62. Bc4 Rg4 63. Kd3 Ke5 1/2-1/2

[Event "Titled Tuesday intern op 12th Mar Early"]
[Site "Chess.com INT"]
[Date "2024.03.12"]
[Round "4"]
[White "Namitbir, Singh Walia"]
[Black "Godoy, Carlos"]
[Result "1-0"]
[WhiteElo "2385"]
[BlackElo "2152"]
[PlyCount "131"]
[EventDate "2024.03.12"]
[EventType "swiss (blitz)"]
[EventRounds "11"]
[EventCountry "USA"]
[SourceTitle "CB12_2024"]
[SourceDate "2023.10.01"]
[SourceVersion "1"]
[SourceVersionDate "2023.10.01"]
[SourceQuality "1"]

1. e4 e6 2. d3 d5 3. Nd2 c5 4. g3 Nc6 5. Bg2 Nf6 6. f4 Be7 7. Ngf3 0-0 8. 0-0 Nd4 9. c3 Nxf3+ 10. Qxf3 dxe4 11. Nxe4 Rb8 12. Nxf6+ Bxf6 13. Be3 b6 14. Rad1 Bb7 15. Qf2 Bxg2 16. Qxg2 Qd5 17. Qxd5 exd5 18. f5 Rfe8 19. Rfe1 d4 20. Bf4 Rbc8 21. c4 a6 22. a4 g5 23. fxg6 hxg6 24. Kf1 g5 25. Bd2 Kg7 26. g4 Rb8 27. Rxe8 Rxe8 28. Re1 Rb8 29. Rc1 Be7 30. Kg2 b5 31. cxb5 axb5 32. a5 Ra8 33. Kf3 Ra6 34. Re1 Kf8 35. Ke4 b4 36. Ra1 Ke8 37. Kd5 Kd7 38. h3 Kc7 39. b3 Kd7 40. Kc4 Kc6 41. Re1 Bd8 42. Re5 Rxa5 43. Bxg5 f6 44. Rd5 fxg5 45. Rxd8 Ra1 46. Rc8+ Kd6 47. Rg8 Kc6 48. Rg6+ Kd7 49. Kxc5 Rd1 50. Kc4 Rc1+ 51. Kxd4 Rc3 52. Rxg5 Rxb3 53. Rb5 Ke7 54. h4 Rb1 55. h5 Rg1 56. g5 b3 57. Kc3 Rh1 58. h6 Kf7 59. Kxb3 Kg6 60. Kc4 Rh4+ 61. d4 Rh5 62. Re5 Rh1 63. d5 Rc1+ 64. Kb5 Rb1+ 65. Kc6 Re1 66. Rxe1 1-0

[Event "Titled Tuesday intern op 13th Feb Early"]
[Site "Chess.com INT"]
[Date "2024.02.13"]
[Round "5"]
[White "Namitbir, Singh Walia"]
[Black "Kuderinov, Kirill"]
[Result "0-1"]
[WhiteElo "2408"]
[BlackElo "2364"]
[PlyCount "52"]
[EventDate "2024.02.13"]
[EventType "swiss (blitz)"]
[EventRounds "11"]
[EventCountry "USA"]
[SourceTitle "CB08_2024"]
[SourceDate "2024.02.21"]
[SourceVersion "1"]
[SourceVersionDate "2024.02.21"]
[SourceQuality "1"]

1. e4 c5 2. Nf3 Nc6 3. d4 cxd4 4. Nxd4 Nf6 5. Nc3 e5 6. Ndb5 d6 7. Bg5 a6 8. Na3 b5 9. Nd5 Be7 10. Bxf6 Bxf6 11. c3 Bg5 12. Be2 Rb8 13. Nc2 0-0 14. g3 Kh8 15. h4 Bh6 16. Bg4 Bb7 17. a4 bxa4 18. Rxa4 Ne7 19. Nxe7 Qxe7 20. 0-0 Bc6 21. Nb4 Bxa4 22. Qxa4 Qb7 23. Re1 Ra8 24. Bd7 a5 25. Bc6 axb4 26. Qxa8 Qxa8 0-1

[Event "Bhubaneswar SOA op 1st"]
[Site "Bhubaneswar"]
[Date "2024.01.28"]
[Round "1"]
[White "Namitbir, Singh Walia"]
[Black "Patil, Priyanshu"]
[Result "1-0"]
[WhiteElo "2408"]
[BlackElo "2022"]
[PlyCount "79"]
[EventDate "2024.01.28"]
[EventType "swiss"]
[EventRounds "10"]
[EventCountry "IND"]
[SourceTitle "CB06_2024"]
[SourceDate "2024.02.07"]
[SourceVersion "1"]
[SourceVersionDate "2024.02.07"]
[SourceQuality "1"]

1. e4 c5 2. Nf3 d6 3. d4 cxd4 4. Nxd4 Nf6 5. Nc3 a6 6. h3 e6 7. g4 Nfd7 8. Bg2 Be7 9. g5 Nc6 10. h4 Qb6 11. Nb3 Qc7 12. f4 b5 13. Be3 Bb7 14. Qe2 b4 15. Na4 Rc8 16. Qf2 Na5 17. Nxa5 Qxa5 18. b3 Qc7 19. 0-0-0 Bc6 20. Nb6 Nxb6 21. Bxb6 Qb7 22. Rhe1 0-0 23. Kb1 a5 24. Bd4 a4 25. Ba1 Rfd8 26. Qd4 Bf8 27. h5 Re8 28. g6 fxg6 29. hxg6 h6 30. Bf1 e5 31. fxe5 dxe5 32. Bc4+ Kh8 33. Qe3 Qe7 34. Rh1 Red8 35. Rdf1 Rd7 36. Bxe5 Qxe5 37. Rxf8+ Rxf8 38. Rxh6+ gxh6 39. Qxh6+ Rh7 40. Qxh7# 1-0

[Event "Pozarevac Rudar GM2 11"]
[Site "Pozarevac"]
[Date "2023.11.15"]
[Round "8.1"]
[White "Boyer, Mahel"]
[Black "Namitbir, Singh Walia"]
[Result "1-0"]
[WhiteElo "2463"]
[BlackElo "2364"]
[PlyCount "89"]
[EventDate "2023.11.09"]
[EventType "schev"]
[EventRounds "9"]
[EventCountry "SRB"]
[SourceTitle "CB47_2023"]
[SourceDate "2023.11.22"]
[SourceVersion "1"]
[SourceVersionDate "2023.11.22"]
[SourceQuality "1"]
[WhiteTeam "Team B"]
[BlackTeam "Team D"]
[WhiteTeamCountry "SRB"]
[BlackTeamCountry "SRB"]

1. e4 c6 2. d3 d5 3. Bf4 dxe4 4. Nc3 Qb6 5. Qd2 e5 6. Bxe5 Nd7 7. Bg3 Qxb2 8. Rb1 Qa3 9. dxe4 Nb6 10. Bd3 Be6 11. Nge2 Rd8 12. 0-0 Nc4 13. Qe1 Nb2 14. Bf4 Bb4 15. Bc1 Nxd3 16. cxd3 Qa5 17. a3 Bxc3 18. Nxc3 b6 19. Bb2 Nf6 20. Rd1 0-0 21. f4 Ng4 22. h3 Nh6 23. f5 Bb3 24. Rd2 f6 25. Ne2 Rfe8 26. Kh1 Nf7 27. Bc3 Qxa3 28. Qg3 Qd6 29. Rf4 Ne5 30. Rh4 Rd7 31. Nf4 c5 32. d4 cxd4 33. Rxd4 Qf8 34. Nh5 Rxd4 35. Bxd4 Bd1 36. Nf4 Qd6 37. Nd5 Bc2 38. Rg4 Bxe4 39. Rxg7+ Kh8 40. Nxf6 Bxg2+ 41. Kh2 Nf3+ 42. Kxg2 Ne1+ 43. Qxe1 Qc6+ 44. Qe4 Qxe4+ 45. Nxe4 1-0

[Event "Pozarevac Rudar GM2 11"]
[Site "Pozarevac"]
[Date "2023.11.10"]
[Round "2.2"]
[White "Namitbir, Singh Walia"]
[Black "Defromont, Benjamin"]
[Result "0-1"]
[WhiteElo "2364"]
[BlackElo "2406"]
[PlyCount "66"]
[EventDate "2023.11.09"]
[EventType "schev"]
[EventRounds "9"]
[EventCountry "SRB"]
[SourceTitle "CB47_2023"]
[SourceDate "2023.11.22"]
[SourceVersion "1"]
[SourceVersionDate "2023.11.22"]
[SourceQuality "1"]
[WhiteTeam "Team D"]
[BlackTeam "Team B"]
[WhiteTeamCountry "SRB"]
[BlackTeamCountry "SRB"]

1. e4 g6 2. d4 Bg7 3. Nc3 d6 4. f4 a6 5. a4 Nc6 6. d5 Nb4 7. a5 e6 8. Bc4 exd5 9. exd5 Bf5 10. Bb3 Qh4+ 11. Kf1 Nf6 12. Nf3 Qh5 13. Ra4 c5 14. dxc6 Nxc6 15. Qe2+ Kd7 16. Bxf7 Rhf8 17. Bd5 Nxd5 18. Nxd5 Rae8 19. Be3 Bg4 20. Nb6+ Kc7 21. Kf2 g5 22. Nd5+ Kb8 23. Nb4 Nxb4 24. Rxb4 gxf4 25. Qxa6 fxe3+ 26. Ke1 Qd5 27. c4 Qe4 28. Qxd6+ Ka8 29. a6 Qb1+ 30. Ke2 Bxf3+ 31. gxf3 Qc2+ 32. Ke1 Qf2+ 33. Kd1 e2+ 0-1

[Event "Pozarevac Rudar GM2 11"]
[Site "Pozarevac"]
[Date "2023.11.09"]
[Round "1.2"]
[White "Namitbir, Singh Walia"]
[Black "Zemlyanskii, Ivan"]
[Result "1-0"]
[WhiteElo "2364"]
[BlackElo "2368"]
[PlyCount "165"]
[EventDate "2023.11.09"]
[EventType "schev"]
[EventRounds "9"]
[EventCountry "SRB"]
[SourceTitle "CB47_2023"]
[SourceDate "2023.11.22"]
[SourceVersion "1"]
[SourceVersionDate "2023.11.22"]
[SourceQuality "1"]
[WhiteTeam "Team D"]
[BlackTeam "Team C"]
[WhiteTeamCountry "SRB"]
[BlackTeamCountry "SRB"]

1. e4 c5 2. Nf3 d6 3. d4 cxd4 4. Nxd4 Nf6 5. Nc3 a6 6. h3 g6 7. Be3 Bg7 8. Qd2 Nbd7 9. 0-0-0 b5 10. Bh6 Bxh6 11. Qxh6 Bb7 12. f3 b4 13. Nd5 Nxd5 14. Qg7 Rf8 15. exd5 Bxd5 16. Nb3 e6 17. Qd4 Qb6 18. Qh4 h5 19. Bd3 Ne5 20. Rhe1 Rc8 21. Bf1 Kd7 22. Kb1 Nc6 23. Bd3 a5 24. Be4 Bxe4 25. Rxe4 d5 26. Qf6 Qf2 27. Ree1 a4 28. Nc1 Qc5 29. Nd3 Qe7 30. Qxe7+ Kxe7 31. Nc5 Rfd8 32. Nxa4 Ra8 33. Nc5 Ra7 34. Nd3 Rda8 35. Nc1 Kd6 36. f4 h4 37. Re3 Rg8 38. g3 hxg3 39. Rxg3 Rh8 40. Ne2 Rh4 41. c3 bxc3 42. Rxc3 f6 43. Rdc1 Ra6 44. Rg1 Ne7 45. a3 e5 46. b4 d4 47. Rb3 Kc7 48. Rc1+ Rc6 49. a4 Nd5 50. fxe5 fxe5 51. a5 Re4 52. b5 Rxc1+ 53. Nxc1 Rf4 54. b6+ Kb8 55. Nd3 Rf3 56. a6 Nxb6 57. Rxb6+ Ka7 58. Rb3 e4 59. Nc5 Rf6 60. Rb7+ Ka8 61. Nxe4 Rxa6 62. Rb3 Re6 63. Nd2 Rf6 64. Kc2 g5 65. Rg3 Rc6+ 66. Kd1 Rc5 67. Ne4 Ra5 68. Nxg5 Kb7 69. Nf3 Ra3 70. h4 Kb6 71. h5 Kc5 72. h6 Ra1+ 73. Kc2 Rh1 74. Rg5+ Kb4 75. Rg6 Kc4 76. Ne5+ Kd5 77. Ng4 Kc4 78. Rg7 Rh4 79. h7 d3+ 80. Kd2 Rh3 81. Rc7+ Kd4 82. Rd7+ Kc5 83. Ne5 1-0

[Event "Pozarevac Rudar GM 11"]
[Site "Pozarevac"]
[Date "2023.11.01"]
[Round "2.3"]
[White "Namitbir, Singh Walia"]
[Black "Sahib, Singh"]
[Result "1/2-1/2"]
[WhiteElo "2364"]
[BlackElo "2397"]
[PlyCount "55"]
[EventDate "2023.10.31"]
[EventType "tourn"]
[EventRounds "9"]
[EventCountry "SRB"]
[EventCategory "7"]
[SourceTitle "CB46_2023"]
[SourceDate "2023.11.15"]
[SourceVersion "1"]
[SourceVersionDate "2023.11.15"]
[SourceQuality "1"]

1. e4 e6 2. d4 d5 3. Nc3 Bb4 4. e5 Ne7 5. a3 Bxc3+ 6. bxc3 c5 7. h4 Qa5 8. Bd2 Nbc6 9. h5 h6 10. Qg4 Nf5 11. Bd3 Nce7 12. dxc5 Qxc5 13. Nf3 Qc7 14. 0-0 Bd7 15. Rab1 b6 16. a4 Rg8 17. Rfe1 g6 18. a5 gxh5 19. Qxh5 Qc5 20. axb6 axb6 21. Nd4 Nxd4 22. cxd4 Qxd4 23. Rb4 Qc5 24. Rf4 Ng6 25. Rg4 Ra4 26. Rxa4 Bxa4 27. Qxh6 Qd4 28. Qe3 1/2-1/2

[Event "Titled Tuesday intern op 26th Sep Early"]
[Site "Chess.com INT"]
[Date "2023.09.26"]
[Round "2"]
[White "Namitbir, Singh Walia"]
[Black "Ramadoss, Ashokkumar"]
[Result "1-0"]
[WhiteElo "2364"]
[BlackElo "2110"]
[PlyCount "45"]
[EventDate "2023.09.26"]
[EventType "swiss (blitz)"]
[EventRounds "11"]
[EventCountry "USA"]
[SourceTitle "EXT 2024"]
[Source "ChessBase"]
[SourceDate "2023.10.10"]
[SourceVersion "1"]
[SourceVersionDate "2023.10.10"]
[SourceQuality "1"]

1. e4 e6 2. d4 d5 3. Nd2 Be7 4. Bd3 c5 5. dxc5 Nc6 6. Ngf3 Nf6 7. exd5 exd5 8. Nb3 0-0 9. 0-0 Bg4 10. Be2 Ne4 11. Be3 a5 12. a4 Rc8 13. h3 Bh5 14. Nfd4 Bg6 15. Nb5 Ne5 16. c3 Nc4 17. Bxc4 dxc4 18. Qxd8 Rfxd8 19. Nxa5 Nxc5 20. Bxc5 Bxc5 21. Nxb7 Rd2 22. Nxc5 Rxc5 23. Rfd1 1-0

[Event "Titled Tuesday intern op 19th Sep Early"]
[Site "Chess.com INT"]
[Date "2023.09.19"]
[Round "1"]
[White "Domingo Nunez, Ruben"]
[Black "Namitbir, Singh Walia"]
[Result "0-1"]
[WhiteElo "2417"]
[BlackElo "2364"]
[PlyCount "70"]
[EventDate "2023.09.19"]
[EventType "swiss (blitz)"]
[EventRounds "11"]
[EventCountry "USA"]
[SourceTitle "EXT 2024"]
[Source "ChessBase"]
[SourceDate "2023.10.10"]
[SourceVersion "1"]
[SourceVersionDate "2023.10.10"]
[SourceQuality "1"]

1. Nf3 Nf6 2. b3 g6 3. Bb2 Bg7 4. g3 0-0 5. Bg2 d6 6. d4 e5 7. dxe5 Ng4 8. Nc3 Nxe5 9. Nxe5 Bxe5 10. Qd2 Nc6 11. Kf1 Re8 12. e3 Bd7 13. Rb1 a5 14. Nd5 Nb4 15. Rd1 Bxb2 16. c3 Nxd5 17. Bxd5 Ba3 18. h4 c6 19. Bf3 Qf6 20. Kg2 Bf5 21. h5 Be4 22. Bxe4 Rxe4 23. hxg6 fxg6 24. Qc2 Re7 25. b4 axb4 26. cxb4 d5 27. Rh4 Bb2 28. b5 Be5 29. a4 Rf8 30. Rd2 Qf5 31. Qb3 Qf3+ 32. Kh2 Bxg3+ 33. fxg3 Rxe3 34. Qb4 Qxg3+ 35. Kh1 Rf1# 0-1